| 000 | 00612nam a2200217Ia 4500 | ||
|---|---|---|---|
| 005 | 20241129120219.0 | ||
| 008 | 241129s9999||||xx |||||||||||||| ||und|| | ||
| 020 | _a9788195898909 | ||
| 037 | _aREP | ||
| 040 |
_aSDCL _beng _cSDCL |
||
| 041 |
_aeng _2eng |
||
| 084 |
_aX:(G:55).2'P, R3 RR _qSDCL |
||
| 245 | 0 | _aState of India's Environment 2023 | |
| 260 |
_aNew Delhi _bCentre for Science and Environment _c2023 |
||
| 300 | _a494p. | ||
| 365 |
_aINR _b800 |
||
| 490 | _aA down to earth annual | ||
| 650 | _aReference | ||
| 942 |
_cREP _hX:(G:55).2'P, R3 RR |
||
| 999 |
_c1233840 _d1233840 |
||